Title in the Lyrics: Suki Waterhouse Edition - Statistics

General Stats
  • This quiz has been taken 21 times
  • The average score is 27 of 34
Answer Stats
Hint Answer % Correct
'Cause I can hardly wait to tell you all the shitty things that you've done / When you're ah-b-b-b-b-b-b-b-________ _____ Blackout Drunk
100%
You adored me before / Oh, my ____ _______ boy Good Looking
100%
It was just a crush, just a crush / On _______, _______ / Only want her 'cause I can't have her Johanna
100%
Call me a _____, an _______, ________ / Other half of my baby, we stay together Model, Actress, Whatever
100%
Sometimes, I'm so damn __________ / That I can't get to what I want Nonchalant
100%
You make it so easy __ ____ / __ ____, __ ____, __ ____ To Love
100%
Let me be your _______ ____ / I can show you things Gateway Drug
91%
If what they say is all true, true / Good luck with that _______, baby Lawsuit
91%
Imma put some goddamn _____ on you, babe, I know you need it Moves
91%
God, it feels so good to find someone who loves me / Who loves me like I love __ ___ My Fun
91%
Together, forever, _________ / It's crazy, baby, I want you Nostalgia
91%
Lose my mind, always get it back / There's no point in being ________ Supersad
91%
Actress, my best work is ruining you / I _____'__ ____ _ ____ Could've Been A Star
82%
_________ ______ __ ______ / We could try, pretend that we won't change Everybody Breaks Up Anyway
82%
You never should have changed your ways and _____ Faded
82%
You're calling me ________ / I could set you free Helpless
82%
__ ___ ___, to know you / Lost every little thing To Get You
82%
I'll get used to it eventually / Over and over again, ________ Brutally
73%
I just think anywhere that you are / _______ _____ __ ___ _____ Coolest Place in the World
73%
Hand to heart, I'm gonna stay faithful / To the _____ _ ____, the _____ _ ____ Devil I Know
73%
Welcome to my _______ ________ / Nobody ever breaks up, we just break down Melrose Meltdown
73%
I follow the ____ _____ to your heart Neon Signs
73%
Yeah, I always _____ _____ and go back for a third time Think Twice
73%
All I wanna ask is, somewhere down the line / Won't you, won't you, won't you, won't you be my _________ Valentine
73%
___ ____, ___ ____ / It's all I want Big Love
64%
Why do I even check? / I should know / It's all ________ __ ___ ________ Bullshit on the Internet
64%
Slay the dragons for this _________ love Legendary
64%
Nothing left to lose / Only __ ____, only __ ____ My Mind
64%
'Cause I just can't have enough of a good time / But I'm stuck __ ____ _____ On Your Thumb
64%
She might be out to kill me, and I'm afraid / I might be _______ _______ Pushing Daisies
64%
It's not to say that I haven't had a good time / You ___ __ _______ __ Put Me Through It
64%
_______ to the child in me that still needs mothering / _______ to the father who told me that I could be something Blessed
55%
_____ ___'_ _ ______ __ ________ / Got to eat my own words Every Day's A Lesson In Humility
45%
Remember when we had a ____ ____? Wild Side
45%
No matching quizzes found
Score Distribution
Percent of People with Each Score
Percentile by Number Answered
Your Score History
You have not taken this quiz